|
|
|
|
| LEADER |
02309nam a22003853i 4500 |
| 001 |
EBC6955629 |
| 003 |
MiAaPQ |
| 005 |
20231204023222.0 |
| 006 |
m o d | |
| 007 |
cr cnu|||||||| |
| 008 |
231204s2015 xx o ||||0 ger d |
| 020 |
|
|
|a 9783839401743
|q (electronic bk.)
|
| 020 |
|
|
|z 9783899421743
|
| 035 |
|
|
|a (MiAaPQ)EBC6955629
|
| 035 |
|
|
|a (Au-PeEL)EBL6955629
|
| 035 |
|
|
|a (OCoLC)1110437808
|
| 040 |
|
|
|a MiAaPQ
|b eng
|e rda
|e pn
|c MiAaPQ
|d MiAaPQ
|
| 100 |
1 |
|
|a Klein, Alexander.
|
| 245 |
1 |
0 |
|a EXPOSITUM :
|b Zum Verhältnis von Ausstellung und Wirklichkeit.
|
| 250 |
|
|
|a 1st ed.
|
| 264 |
|
1 |
|a Bielefeld :
|b transcript,
|c 2015.
|
| 264 |
|
4 |
|c {copy}2015.
|
| 300 |
|
|
|a 1 online resource (220 pages)
|
| 336 |
|
|
|a text
|b txt
|2 rdacontent
|
| 337 |
|
|
|a computer
|b c
|2 rdamedia
|
| 338 |
|
|
|a online resource
|b cr
|2 rdacarrier
|
| 490 |
1 |
|
|a Schriften zum Kultur- und Museumsmanagement
|
| 505 |
0 |
|
|a Cover EXPOSITUM -- Inhalt -- Vorwort -- I. Einleitung -- II. Vom Zeug zum Alten Objekt -- II.1 Zeug -- II.2 Der Gegenstand -- II.3 Das Alte Objekt -- II.4 Die dunkle Vergangenheit des Alten Objektes -- III. Zeigen und Sammeln -- III.1 Zeigen -- III.2 Sammeln -- IV. Fundamentalkategorien des Exponates: Echtheit und Interaktivität -- IV.1 Echtheit -- IV.2 Interaktivität -- V. Ausstellen -- V.1 Die Ausstellung als Medienverbund -- V.2 Das Ausgestellte in seinem Zusammenhang -- V.3 Die Bedeutung des Exponates -- V.4 Typologie des Ausstellens -- VI. Sammeln und Ausstellen in historischer Perspektive -- VI.1 Die Anfänge -- VI.2 Die Geburt des Museums -- VI.3 Musealisierung in der Moderne -- VII. Schlussreflexionen -- EXPOSITUM - bebilderter Anhang -- Literatur -- Bildnachweise.
|
| 588 |
|
|
|a Description based on publisher supplied metadata and other sources.
|
| 590 |
|
|
|a Electronic reproduction. Ann Arbor, Michigan : ProQuest Ebook Central, 2023. Available via World Wide Web. Access may be limited to ProQuest Ebook Central affiliated libraries.
|
| 655 |
|
4 |
|a Electronic books.
|
| 776 |
0 |
8 |
|i Print version:
|a Klein, Alexander
|t EXPOSITUM
|d Bielefeld : transcript,c2015
|z 9783899421743
|
| 797 |
2 |
|
|a ProQuest (Firm)
|
| 830 |
|
0 |
|a Schriften zum Kultur- und Museumsmanagement
|
| 856 |
4 |
0 |
|u https://ebookcentral.proquest.com/lib/matrademy/detail.action?docID=6955629
|z Click to View
|